The Ugly Face of Sangh Parivar (Record no. 14896)

MARC details
000 -LEADER
fixed length control field 00615nam a2200229 a 4500
020 ## - INTERNATIONAL STANDARD BOOK NUMBER
ISBN
082 00 - DEWEY DECIMAL CLASSIFICATION NUMBER
Classification number 324.245408
Author Cutter AND1
100 ## - MAIN ENTRY--AUTHOR NAME
Author name Andhra Pradesh Civil Liberties Committee,
245 ## - TITLE STATEMENT
Title The Ugly Face of Sangh Parivar
260 ## - PUBLICATION, DISTRIBUTION, ETC. (IMPRINT)
Place of publication Hyderabad
Name of publisher K. Balagopal
Year of publication 2008
300 ## - PHYSICAL DESCRIPTION
Number of Pages 64p
500 ## - GENERAL NOTE
General note includes index and biblioraphy
650 ## - SUBJECT ADDED ENTRY--TOPICAL TERM
Topical Term Communalism-India
942 ## - ADDED ENTRY ELEMENTS (KOHA)
Koha item type Books
700 1# -
-- Andhra Pradesh Civil Liberties Committee,
Holdings
Collection code Home library Current library Date acquired Cost, normal purchase price Full call number Accession Number Koha item type
  Henry Martyn Institute Library Henry Martyn Institute Library 07/07/2009 20.00 324.245408 AND1 022766 Books
                   Copyright © 2026 | Henry Martyn Institute | Hyderabad | TS-500052 | INDIA | Implemented by hmi.edu.in
Hit-Count:

Powered by Koha